Harry Potter and the Mega Profile: Part I Quiz Stats

 Plays Quiz Updated Jun 20, 2018

Challenge
Share
Tweet
Embed
Score 0/40 Timer 07:00
21 Plays Today
% Correct
Ron Weasley
99%
Hermione Granger
98.3%
Hogwarts
98.2%
Eleven
97.8%
James Potter
97.6%
Lily (Evans) Potter
97.5%
Rubeus Hagrid
97.3%
Hedwig
96.5%
Dudley Dursley
96.3%
Lightning Bolt
95.7%
Draco Malfoy
95.7%
Petunia Dursley
95.1%
Sorting Hat
95%
Dobby
94.6%
House Elf
94.4%
Quidditch
94.3%
Sirius Black
93.3%
Fluffy
93.1%
Vernon Dursley
92.7%
Daniel Radcliffe
92.6%
% Correct
Hogwarts Express
91.8%
Godfather
91.3%
Moaning Myrtle
89.8%
Remus Lupin
89.8%
Quirinus Quirrell
88.8%
Argus Filch
88%
Whomping Willow
87.5%
Mr. Ollivander
87.1%
A werewolf
86.9%
Basilisk
86.4%
Gilderoy Lockhart
86.4%
Polyjuice
86.1%
Cornelius Fudge
83.1%
Buckbeak
83%
Knight Bus
81%
Peter Pettigrew
80.9%
Nicolas Flamel
79.1%
Aunt Marge
76.3%
The Leaky Cauldron
72.6%
Ford Anglia
58.3%

You're not logged in!

Compare scores with friends on all Sporcle quizzes.
Join for Free
OR
Log In

You Might Also Like...

Show Comments

Extras

Top Quizzes Today


Score Distribution

Your Account Isn't Verified!

In order to create a playlist on Sporcle, you need to verify the email address you used during registration. Go to your Sporcle Settings to finish the process.

Report this User

Report this user for behavior that violates our Community Guidelines.

Details: